Schweizer Bundesrat - Statistiken

Allgemein
  • Dieses Quiz wurde 230 mal gespielt
    60 seit der letzten Aktualisierung
  • Das Durchschnittsergebnis liegt bei 6 aus 7
Antwortstatistiken
Partei Antwort % Korrekt
FDP Ignazio Cassis
95%
FDP Karin Keller-Sutter
95%
SVP Albert Rösti
90%
SVP Guy Parmelin
90%
SP Elisabeth Baume-Schneider
88%
SP Beat Jans
83%
Mitte Martin Pfister
74%
Keine übereinstimmenden Quizze gefunden
Verteilung der Resultate
Anzahl Personen mit jedem Resultat
Perzentil nach korrekt beantworteten Fragen
Ihre Resultats-Entwicklung
Sie haben dieses Quiz seit der letzten Aktualisierung nicht gespielt